Piosenki zespołu After Party - nagła śmierć - Statystyki

Ogólne statystyki
  • Ten quiz został rozwiązany 40 razy
  • Średni wynik to 5 z 8
Answers on the Grid
Answers color-coded by a green-red scale on the quiz's grid according to % correct below.
Tylko ona Jedyna
Bałkanica
Ciało do ciała
Ona lubi pomarańcze
Za każdą chwilę z Tobą
Nie daj życiu się
Wakacyjna Love
Miód malina
Ślimak pokaż rogi
Ruda tańczy jak szalona
Nie będę pracował, będę imprezował
Niespotykany kolor
Cała sala
Bujaj się
Niech nam zazdrości cały świat
Pędzą konie
 
Statystyki odpowiedzi
Odpowiedź % Poprawnych
Ona lubi pomarańcze
82%
Nie daj życiu się
76%
Bujaj się
73%
Tylko ona Jedyna
70%
Nie będę pracował, będę imprezował
61%
Niech nam zazdrości cały świat
58%
Ślimak pokaż rogi
55%
Wakacyjna Love
55%
Nie znaleziono quizów pasujących do podanych kryteriów
Rozkład punktacji
Procent ludzi z każdym wynikiem
Percentyl według liczby udzielonych odpowiedzi
Twoja historia wyników
Nie rozwiązałeś tego quizu